| 000 | 00404nam a2200133Ia 4500 | ||
|---|---|---|---|
| 008 | 210716s2000 xx 000 0 und d | ||
| 041 | _aeng | ||
| 082 | _a005.268 NORP | ||
| 100 | _aNorton, Peter;Mueller,John;Mansfield, Richard. | ||
| 245 | _aComplete guide to microsoft windows 2000 professional. | ||
| 260 |
_aNew Delhi _bTechmedia _c2000 |
||
| 300 | _axiii,944 | ||
| 650 | _aMicrosoft Windows(005.269) | ||
| 999 |
_c184700 _d184700 |
||